[Event "Latin Cup"]
[Site "Montevideo"]
[Date "2011.11.04"]
[Round "5"]
[White "Meruvia Meruvia, Juan Francisco"]
[Black "Avedisian, Alexander"]
[Result "1-0"]
[WhiteElo "1905"]
[BlackElo "1965"]
[PlyCount "30"]
[EventDate "2011.11.01"]
[EventType "swiss"]
[EventRounds "9"]
[EventCountry "URU"]
[SourceTitle "EXT 2012"]
[Source "ChessBase"]
[SourceDate "2011.11.24"]
[SourceVersion "1"]
[SourceVersionDate "2011.11.24"]
[SourceQuality "1"]

1. d4 Nf6 2. Bg5 g6 3. c4 Bg7 4. Nc3 0-0 5. e4 d6 6. Qd2 c5 7. d5 e6 8. dxe6 Bxe6 9. Rd1 Qa5 10. Bd3 Nc6 11. Nd5 Bxd5 12. Qxa5 Nxa5 13. exd5 Rfe8+ 14. Ne2 Ne4 15. Bc1 b5 1-0

[Event "Latin Cup"]
[Site "Montevideo"]
[Date "2011.11.04"]
[Round "6"]
[White "Muniz, Rafael"]
[Black "Meruvia Meruvia, Juan Francisco"]
[Result "1-0"]
[WhiteElo "2220"]
[BlackElo "1905"]
[PlyCount "96"]
[EventDate "2011.11.01"]
[EventType "swiss"]
[EventRounds "9"]
[EventCountry "URU"]
[SourceTitle "EXT 2012"]
[Source "ChessBase"]
[SourceDate "2011.11.24"]
[SourceVersion "1"]
[SourceVersionDate "2011.11.24"]
[SourceQuality "1"]

1. e4 e5 2. Nf3 Nc6 3. Nc3 Nf6 4. d4 Bd6 5. Bg5 h6 6. Bh4 g5 7. Bg3 Qe7 8. dxe5 Nxe5 9. Nd4 Bb4 10. Bd3 Qc5 11. Ndb5 a6 12. a3 Nxd3+ 13. cxd3 axb5 14. axb4 Rxa1 15. bxc5 Rxd1+ 16. Kxd1 c6 17. Be5 Ke7 18. Bd6+ Kd8 19. f3 Ne8 20. Bg3 Ke7 21. b4 d6 22. d4 dxc5 23. bxc5 b4 24. Na4 Be6 25. Nb6 Nf6 26. Bd6+ Ke8 27. Be5 Ke7 28. d5 cxd5 29. exd5 Bf5 30. Re1 b3 31. Bd6+ Kd8 32. Be7+ Kc7 33. Bxf6 Rg8 34. Kc1 h5 35. Be5+ Kd8 36. Kb2 Bc2 37. c6 bxc6 38. dxc6 Ke7 39. c7 Bf5 40. Kxb3 Be6+ 41. Kb4 f6 42. Bd4 Kf7 43. Rxe6 Kxe6 44. c8Q+ Rxc8 45. Nxc8 g4 46. fxg4 hxg4 47. Kc4 Kf5 48. Kd3 Kg5 1-0

[Event "Pays de Loire-chT"]
[Site "Cholet"]
[Date "2009.??.??"]
[Round "1"]
[White "Meruvia Meruvia, Juan Francisco"]
[Black "Trouve, Guillaume"]
[Result "1-0"]
[WhiteElo "1961"]
[BlackElo "1570"]
[PlyCount "51"]
[EventDate "2009.06.??"]
[EventType "team-tourn"]
[EventRounds "6"]
[EventCountry "FRA"]
[SourceTitle "EXT 2010"]
[Source "ChessBase"]
[SourceDate "2010.11.25"]
[SourceVersion "1"]
[SourceVersionDate "2010.11.25"]
[SourceQuality "1"]

1. e4 e5 2. Nf3 Nc6 3. Bb5 a6 4. Ba4 Nf6 5. 0-0 b5 6. Bb3 Be7 7. d4 Nxd4 8. Bxf7+ Kxf7 9. Nxe5+ Ke8 10. Qxd4 c5 11. Qe3 Bb7 12. Nc3 b4 13. Nd5 Nxd5 14. exd5 Bxd5 15. Rd1 Be6 16. Nc6 Qc7 17. Nxe7 Kxe7 18. Qg5+ Kf8 19. Bf4 Qa7 20. Bd6+ Kg8 21. Rd3 c4 22. Rg3 g6 23. Qf6 Bf5 24. Qxf5 Qb6 25. Rxg6+ hxg6 26. Qxg6# 1-0

[Event "CHI-ch 0708"]
[Site "Santiago de Chile"]
[Date "2008.02.22"]
[Round "9"]
[White "Meruvia Meruvia, Juan Francisco"]
[Black "Valdes Escobar, Alvaro Daniel"]
[Result "0-1"]
[WhiteElo "1983"]
[BlackElo "2354"]
[PlyCount "70"]
[EventDate "2008.02.16"]
[EventType "tourn"]
[EventRounds "11"]
[EventCountry "CHI"]
[SourceTitle "EXT 2012"]
[Source "ChessBase"]
[SourceDate "2011.11.24"]
[SourceVersion "1"]
[SourceVersionDate "2011.11.24"]
[SourceQuality "1"]

1. e4 c5 2. Nf3 d6 3. d4 cxd4 4. Nxd4 Nf6 5. Nc3 Nc6 6. Bg5 Bd7 7. Be2 e6 8. 0-0 Be7 9. Ndb5 Qb8 10. Bf4 Ne5 11. a4 0-0 12. g4 a6 13. Na3 Bc6 14. f3 Rd8 15. Qe1 Ng6 16. Bg3 e5 17. Bc4 Qc7 18. Bb3 b5 19. axb5 axb5 20. Nd5 Nxd5 21. exd5 Bxd5 22. Bxd5 Qc5+ 23. Qf2 Qxd5 24. Rfd1 Qc6 25. c3 d5 26. Qe2 Bxa3 27. bxa3 Qxc3 28. Qxb5 Qxf3 29. Rd3 Qxg4 30. Rxd5 h5 31. Qd3 Rxd5 32. Qxd5 Rf8 33. Kf2 h4 34. Bxe5 Qf5+ 35. Ke3 Nxe5 0-1

[Event "CHI-ch 0708"]
[Site "Santiago de Chile"]
[Date "2008.02.21"]
[Round "8"]
[White "Marin Munoz, Roque"]
[Black "Meruvia Meruvia, Juan Francisco"]
[Result "1-0"]
[WhiteElo "2098"]
[BlackElo "1983"]
[PlyCount "129"]
[EventDate "2008.02.16"]
[EventType "tourn"]
[EventRounds "11"]
[EventCountry "CHI"]
[SourceTitle "EXT 2012"]
[Source "ChessBase"]
[SourceDate "2011.11.24"]
[SourceVersion "1"]
[SourceVersionDate "2011.11.24"]
[SourceQuality "1"]

1. d4 Nf6 2. c4 c5 3. d5 e5 4. Nc3 d6 5. e4 Be7 6. Nge2 Nbd7 7. Ng3 g6 8. Bd3 h5 9. Bg5 a6 10. h4 Ng4 11. Bxe7 Qxe7 12. f3 Nh6 13. Qc2 Qf6 14. Qd2 Nb6 15. a4 Bd7 16. Qg5 Ke7 17. a5 Nc8 18. Nf1 Ng8 19. g3 Qxg5 20. hxg5 f6 21. f4 fxg5 22. fxg5 Rh7 23. Ne3 Rf7 24. Rf1 Rxf1+ 25. Kxf1 b6 26. b3 Rb8 27. axb6 Rxb6 28. Bc2 Kf7 29. Ke2 Kg7 30. Rf1 Rb8 31. Ra1 Rb6 32. Rf1 Rb8 33. Nf5+ gxf5 34. exf5 Bxf5 35. Rxf5 Nce7 36. Rf1 Rf8 37. Rxf8 Kxf8 38. Kf3 Kg7 39. Be4 Nc8 40. Bf5 Nge7 41. Be6 Kg6 42. Ne4 a5 43. Bd7 Nb6 44. Be8+ Kf5 45. Nxd6+ Kxg5 46. Ne4+ Kh6 47. Nxc5 Nexd5 48. cxd5 Nxd5 49. Nd7 a4 50. bxa4 e4+ 51. Kf2 e3+ 52. Kf3 e2 53. Kf2 Kg5 54. a5 h4 55. gxh4+ Kxh4 56. Kxe2 Kg5 57. Kd3 Kf5 58. Bf7 Nb4+ 59. Kc4 Nc6 60. a6 Na7 61. Kc5 Nc8 62. Kc6 Na7+ 63. Kb6 Nc8+ 64. Kc7 Na7 65. Bc4 1-0

[Event "CHI-ch 0708"]
[Site "Santiago de Chile"]
[Date "2008.02.20"]
[Round "6"]
[White "Garcia Cardenas, Pablo"]
[Black "Meruvia Meruvia, Juan Francisco"]
[Result "1-0"]
[WhiteElo "2181"]
[BlackElo "1983"]
[PlyCount "71"]
[EventDate "2008.02.16"]
[EventType "tourn"]
[EventRounds "11"]
[EventCountry "CHI"]
[SourceTitle "EXT 2012"]
[Source "ChessBase"]
[SourceDate "2011.11.24"]
[SourceVersion "1"]
[SourceVersionDate "2011.11.24"]
[SourceQuality "1"]

1. d4 c5 2. e3 Nf6 3. Nf3 g6 4. Be2 Bg7 5. 0-0 cxd4 6. exd4 0-0 7. c4 d5 8. Nc3 Nc6 9. Ne5 e6 10. Be3 Ne7 11. c5 Nd7 12. f4 Nf5 13. Bf2 Nxe5 14. fxe5 Bh6 15. Qd3 Bd7 16. g4 Nh4 17. Be3 Bg5 18. Qd2 h6 19. Bxg5 Qxg5 20. Qxg5 hxg5 21. b4 a6 22. a4 Kg7 23. Rf6 Rh8 24. Raf1 Nf5 25. gxf5 gxf5 26. Rf3 Rag8 27. b5 Rh4 28. bxa6 bxa6 29. Rg3 Kf8 30. Bxa6 Rxd4 31. Bb5 Bc8 32. a5 g4 33. a6 Ke7 34. c6 Bxa6 35. Bxa6 Ra8 36. c7 1-0

[Event "CHI-ch 0708"]
[Site "Santiago de Chile"]
[Date "2008.02.17"]
[Round "3"]
[White "Arancibia Guzman, Eduardo"]
[Black "Meruvia Meruvia, Juan Francisco"]
[Result "1/2-1/2"]
[WhiteElo "2389"]
[BlackElo "1983"]
[PlyCount "151"]
[EventDate "2008.02.16"]
[EventType "tourn"]
[EventRounds "11"]
[EventCountry "CHI"]
[SourceTitle "EXT 2012"]
[Source "ChessBase"]
[SourceDate "2011.11.24"]
[SourceVersion "1"]
[SourceVersionDate "2011.11.24"]
[SourceQuality "1"]

1. e4 e5 2. Nf3 d5 3. exd5 e4 4. Qe2 Nf6 5. d3 Qxd5 6. dxe4 Qxe4 7. Be3 Nc6 8. Nc3 Bb4 9. Nd2 Bxc3 10. bxc3 Qxc2 11. Bd4+ Be6 12. Bxf6 gxf6 13. Ne4 Qxe2+ 14. Bxe2 Ke7 15. Nc5 Na5 16. Bf3 c6 17. 0-0 Rad8 18. Rfe1 f5 19. Nb3 Nxb3 20. axb3 a6 21. Re3 Kf6 22. g3 Rd2 23. Kg2 Rb2 24. b4 Rd8 25. Rd1 Rxd1 26. Bxd1 Rd2 27. Bf3 Bc4 28. Re8 Rd3 29. Rb8 Rxc3 30. Rxb7 Bb5 31. Bh5 Bc4 32. Bf3 Bb5 33. Bh5 c5 34. Rb6+ Kg7 35. bxc5 Rxc5 36. Bf3 Rc1 37. h4 Rc7 38. Bd5 Rd7 39. Bb3 Rb7 40. Rd6 a5 41. Bc2 Rd7 42. Rb6 Rd5 43. Kf3 Rc5 44. Ke3 Bd7 45. Kd2 Be6 46. Ra6 Kf6 47. f4 Ke7 48. Ra8 Kf6 49. Ra6 Kg7 50. Ra7 Kh6 51. Ra6 Rd5+ 52. Ke1 Kh5 53. Bd1+ Rxd1+ 54. Kxd1 Kg4 55. Rxa5 Kxg3 56. Ra3+ Kxf4 57. Ke2 Kg4 58. Ra4+ f4 59. Kf2 h5 60. Rb4 Kxh4 61. Rxf4+ Kg5 62. Rb4 h4 63. Ra4 Bg4 64. Ra5+ f5 65. Rb5 Kf4 66. Rb4+ Ke5 67. Rb5+ Kd4 68. Rb4+ Kc3 69. Ra4 Kd2 70. Ra2+ Kc1 71. Ra1+ Kb2 72. Ra4 Kb3 73. Rd4 h3 74. Kg3 Kc3 75. Rd8 Kc4 76. Rd7 1/2-1/2

[Event "Nantes op 7th"]
[Site "Nantes"]
[Date "2008.??.??"]
[Round "4"]
[White "Meunier, Thomas"]
[Black "Meruvia Meruvia, Juan Francisco"]
[Result "0-1"]
[WhiteElo "1724"]
[BlackElo "1983"]
[PlyCount "92"]
[EventDate "2008.12.26"]
[EventType "swiss"]
[EventRounds "9"]
[EventCountry "FRA"]
[SourceTitle "CBM 128 Extra"]
[Source "ChessBase"]
[SourceDate "2009.03.05"]
[SourceVersion "2"]
[SourceVersionDate "2009.03.25"]
[SourceQuality "1"]

1. d4 Nf6 2. c4 e6 3. Nc3 Bb4 4. e3 0-0 5. Nf3 b6 6. Be2 Bb7 7. 0-0 Bxc3 8. bxc3 d6 9. Nd2 e5 10. f3 c5 11. Bb2 Qe7 12. e4 Nc6 13. Nb3 Rad8 14. Qd2 Nh5 15. Bd3 Bc8 16. Rae1 Nf4 17. Bc2 a5 18. a4 Ba6 19. Bd3 f6 20. d5 Nb8 21. g3 Nxd3 22. Qxd3 Qe8 23. Ra1 Bc8 24. f4 Bd7 25. fxe5 fxe5 26. Rxf8+ Kxf8 27. Nd2 Bxa4 28. Nf3 Bd7 29. Rf1 Bh3 30. Rf2 Kg8 31. Ng5 Bg4 32. h3 Bh5 33. Ne6 Qe7 34. Nxd8 Qxd8 35. g4 Bg6 36. Qf3 Nd7 37. Bc1 h6 38. Kg2 Qh4 39. Kh2 Nf6 40. Re2 a4 41. Kg1 h5 42. Kg2 hxg4 43. hxg4 Nxg4 44. Qg3 Qxg3+ 45. Kxg3 Nf6 46. Bb2 Bxe4 0-1

[Event "Nantes op 6th"]
[Site "Nantes"]
[Date "2007.12.29"]
[Round "7"]
[White "Meruvia Meruvia, Juan Francisco"]
[Black "Huet, Joel"]
[Result "1/2-1/2"]
[WhiteElo "1983"]
[BlackElo "1690"]
[PlyCount "54"]
[EventDate "2007.12.26"]
[EventType "swiss"]
[EventRounds "7"]
[EventCountry "FRA"]
[SourceTitle "CBM 122 Extra"]
[Source "ChessBase"]
[SourceDate "2008.03.04"]
[SourceVersion "1"]
[SourceVersionDate "2008.03.04"]
[SourceQuality "1"]

1. e4 c5 2. Nf3 d6 3. d4 cxd4 4. Nxd4 Nf6 5. Nc3 a6 6. Bg5 e6 7. f4 Be7 8. Qf3 Qc7 9. 0-0-0 Nbd7 10. Kb1 b5 11. Bxb5 axb5 12. Ndxb5 Qb8 13. e5 Bb7 14. Qe2 dxe5 15. fxe5 Nxe5 16. Rhe1 Ng6 17. h4 0-0 18. h5 Nh8 19. h6 gxh6 20. Bxh6 Rc8 21. Rd4 Ba6 22. Qe5 Qxe5 23. Rxe5 Bxb5 24. Rxb5 Rd8 25. Rxd8+ Rxd8 26. a4 Nd5 27. Ne4 f5 1/2-1/2